Platenie preddavkov na daň z príjmov fyzických osôb na rok 2003

Platenie preddavkov na daň z príjmov fyzických osôb na bežné zdaňovacie obdobie. Ich výpočet, ako aj ich splatnosť upravuje ustanovenie par. 40 zákona o daniach z príjmov. Jednotlivé časti tohto ustanovenia sú rozobrané v príspevku na 17 príkladoch.

Gespeichert in:
Bibliographische Detailangaben
1. Verfasser: Ráznerová, Marta
Format: Buchkapitel
Sprache:Slowakisch
Schlagworte:
Tags: Tag hinzufügen
Keine Tags, Fügen Sie das erste Tag hinzu!

MARC

LEADER 00000naa a2200000 4500
001 r047721
005 20231003090106.3
041 0 |a slo 
044 |a SK 
245 1 0 |a Platenie preddavkov na daň z príjmov fyzických osôb na rok 2003  |c Marta Ráznerová 
520 |a Platenie preddavkov na daň z príjmov fyzických osôb na bežné zdaňovacie obdobie. Ich výpočet, ako aj ich splatnosť upravuje ustanovenie par. 40 zákona o daniach z príjmov. Jednotlivé časti tohto ustanovenia sú rozobrané v príspevku na 17 príkladoch. 
610 2 0 |a preddavky 
610 2 0 |a dane z príjmov 
610 2 0 |a osoby fyzické 
610 2 0 |a 2003 
100 1 |a Ráznerová, Marta